Manual de Hacienda para archiveros municipales / Mariano García Ruipérez
ISBN:
978-84-7564-416-5
Descripción Física:
214 p. ; 24 cm
Colección:
Cuadernos de estudios técnicos ; 4
MARC
| LEADER | 00000nam a2200000Ia 4500 | ||
|---|---|---|---|
| 001 | 20645 | ||
| 003 | BGR | ||
| 005 | 20260324175714.0 | ||
| 008 | 160829s2008 xx 000 0 cat d | ||
| 020 | |a 978-84-7564-416-5 | ||
| 080 | |a A-2-323 | ||
| 100 | |a García Ruipérez, Mariano |9 18059 | ||
| 245 | |a Manual de Hacienda para archiveros municipales / Mariano García Ruipérez | ||
| 260 | |a Murcia : |b Tres Fronteras, |c 2008 | ||
| 300 | |a 214 p. ; |c 24 cm | ||
| 490 | |a Cuadernos de estudios técnicos ; 4 | ||
| 590 | |a Bibliografia. | ||
| 590 | |a A la coberta: Archivo General de la Región de Murcia | ||
| 650 | 0 | |a Arxius municipals |9 41223 | |
| 650 | |a Finances municipals |x Manuals, guies, etc. |9 38561 | ||
| 650 | |a Arxivística |9 36557 | ||
| 710 | 1 | |9 70378 |a Archivo General de la Región de Murcia | |
| 901 | |a Arxiu | ||
| 942 | |n 1 |2 udc |c MON | ||
| 952 | |0 0 |1 0 |4 0 |6 A2323 |7 1 |9 48471 |a Arxiu |b Arxiu |d 2016-12-01 |l 0 |o A-2-323 |p 20645 |r 2016-12-01 00:00:00 |w 2016-12-01 |y ARXIU | ||
| 999 | |c 52300 |d 52300 | ||